| 000 | 00547pam a2200205 a 4500 | ||
|---|---|---|---|
| 001 | 3522960 | ||
| 005 | 20250324164506.0 | ||
| 008 | 960124s1997 iluab b 001 0 eng | ||
| 020 | _a0256160686 | ||
| 050 | 0 | 0 |
_aHB171.5 _b.H96 1997 |
| 082 | 0 | 0 |
_a330 _220 |
| 100 | 1 | _aHyman, David N. | |
| 245 | 1 | 0 |
_aEconomics / _cDavid N. Hyman. |
| 250 | _a4th ed. | ||
| 260 |
_aChicago : _bIrwin, _cc1997. |
||
| 300 |
_axxxi, 864 p. : _bcol. ill., col. maps ; _c26 cm. |
||
| 440 | 4 | _aThe Irwin series in economics | |
| 650 | 0 | _aEconomics. | |
| 942 |
_2lcc _cBK _n0 |
||
| 999 |
_c5153 _d5153 |
||